000 01234cam a2200277 a 4500
001 519
005 20231211142655.0
020 _a9780316176187
020 _a9780340996928
020 _a9780316176170
040 _aDLC
_cDLC
_beng
_dFISKH
050 0 0 _aPZ7.C83535
_bHlh 2011
082 0 0 _a823.92
_222
100 1 _aCowell, Cressida.
245 1 0 _aHow to break a dragon's heart /
_cby Cressida Cowell.
250 _a1st U.S. ed.
260 _aNew York :
_bLittle, Brown,
_c2011.
300 _a299 pages :
_billustrations ;
_c20 cm.
490 0 _aHow to train your dragon ;
_vbk. 8
505 _aU
520 _aRead the HILARIOUS books that inspired the HOW TO TRAIN YOUR DRAGON films! Hiccup Horrendous Haddock the Third is a smallish Viking with a longish name. Hiccup's father is chief of the Hairy Hooligan tribe which means Hiccup is the Hope and the Heir to the Hairy Hooligan throne - but most of the time Hiccup feels like a very ordinary boy, finding it hard to be a Hero. Whilst searching for his lost friend Camicazi, Hiccup and the Hooligan Tribe have ended up on Uglithug Island.
521 _a960
_bLexile
521 _aU
_bRaz-Plus
906 _a7
_bcbc
_corignew
_d1
_eecip
_f20
_gy-gencatlg
942 _2ddc
_cBK
_n0
999 _c519
_d519